[Event "XXVII MFSz Memorial Jozefa Kochana - Ope"]
[Site "Koszalin"]
[Date "2016.??.??"]
[Round "1.1"]
[White "Hilarecki, Grzegorz"]
[Black "Cyborowski, Lukasz"]
[Result "0-1"]
[WhiteElo "2110"]
[BlackElo "2526"]
[PlyCount "78"]
[EventDate "2016.??.??"]

1. d4 Nf6 2. Nf3 g6 3. Bf4 Bg7 4. e3 O-O 5. h3 d6 6. c3 Nc6 7. Be2 Nd7 8. O-O
e5 9. Bh2 Qe7 10. a4 f5 11. a5 a6 12. Re1 g5 13. Nfd2 Nf6 14. b4 g4 15. hxg4
Nxg4 16. Bxg4 fxg4 17. d5 Nd8 18. Ne4 Nf7 19. Nbd2 Ng5 20. Nxg5 Qxg5 21. e4 h5
22. c4 Bd7 23. Nf1 h4 24. Ra3 Rf7 25. g3 h3 26. Re2 Raf8 27. Rc2 Bh6 28. Qe1
Qg6 29. Kh1 Rf3 30. Rxf3 Rxf3 31. Bg1 Ba4 32. Rb2 Rd3 33. Nh2 Be3 34. Re2 Bd4
35. Qb1 Rd1 36. Qa2 Ra1 37. Qd2 Bb3 38. Qd3 Ba2 39. Rxa2 Rxa2 0-1

[Event "XXVII MFSz Memorial Jozefa Kochana - Ope"]
[Site "Koszalin"]
[Date "2016.??.??"]
[Round "1.2"]
[White "Malaniuk, Vladimir P"]
[Black "Bilczewski, Kacper"]
[Result "1/2-1/2"]
[WhiteElo "2471"]
[BlackElo "2080"]
[PlyCount "71"]
[EventDate "2016.??.??"]

1. d4 d5 2. c4 c6 3. e3 Nf6 4. Nc3 e6 5. Nf3 Nbd7 6. Qc2 Bd6 7. b3 Qe7 8. Bb2
O-O 9. h3 dxc4 10. Bxc4 e5 11. O-O exd4 12. Nxd4 Nb6 13. Bd3 Qe5 14. Nf3 Qh5
15. Ne4 Nxe4 16. Bxe4 f5 17. Bd3 f4 18. Rad1 Bc7 19. Rfe1 Kh8 20. exf4 Nd5 21.
f5 Bxf5 22. Bxf5 Qxf5 23. Qxf5 Rxf5 24. Nd4 Rf7 25. Ne6 Bb6 26. Bd4 Bxd4 27.
Nxd4 h6 28. f3 Nc3 29. Rd2 Rd7 30. Rc2 Rxd4 31. Rxc3 Rad8 32. Re7 R8d7 33. Rxd7
Rxd7 34. Rc2 Kg8 35. Kf2 Kf7 36. Ke3 1/2-1/2

[Event "XXVII MFSz Memorial Jozefa Kochana - Ope"]
[Site "Koszalin"]
[Date "2016.??.??"]
[Round "1.3"]
[White "Cagara, Paulina"]
[Black "Shishkin, Vadim"]
[Result "1/2-1/2"]
[WhiteElo "2052"]
[BlackElo "2469"]
[PlyCount "203"]
[EventDate "2016.??.??"]

1. e4 c5 2. Nc3 Nc6 3. Bb5 Nd4 4. Bc4 e6 5. Nf3 a6 6. Nxd4 cxd4 7. Ne2 b5 8.
Bb3 Bb7 9. d3 d5 10. e5 Bc5 11. O-O Ne7 12. Ng3 Ng6 13. f4 O-O 14. Kh1 Bc6 15.
Bd2 b4 16. a3 bxa3 17. bxa3 Qd7 18. a4 f6 19. exf6 Rxf6 20. Nh5 Rf7 21. Qg4 Ne7
22. Rae1 Nf5 23. c3 Rb8 24. Bd1 dxc3 25. Bxc3 d4 26. Ba1 Bb4 27. Re5 Bc3 28.
Bf3 Bxa4 29. Qh3 Bc6 30. Rc5 Bxf3 31. Qxf3 Ne3 32. Rg1 Nd5 33. Qe4 Rb5 34. Rc4
Nb6 35. Bxc3 Nxc4 36. dxc4 Rxh5 37. Bxd4 Ra5 38. h3 Ra2 39. Rb1 Rd2 40. Be5
Rd1+ 41. Kh2 Rxb1 42. Qxb1 Qb7 43. Qa2 Qc6 44. c5 Rd7 45. h4 h6 46. Kh3 Rd3+
47. Kh2 Qd5 48. Qe2 Qc4 49. Qg4 Rd7 50. Qg6 Rf7 51. Bd6 a5 52. Qb1 a4 53. Qb8+
Kh7 54. Qb1+ g6 55. h5 Rg7 56. Be5 Qxc5 57. Bxg7 Qxh5+ 58. Kg1 Qc5+ 59. Kh2
Kxg7 60. Qa1+ Kf7 61. Qxa4 Qc7 62. Kh3 h5 63. Qd4 Qe7 64. Qe5 Qf6 65. Qc7+ Kg8
66. g3 Qf7 67. Qd8+ Kh7 68. Qd4 Qf5+ 69. Kh2 g5 70. fxg5 Kg6 71. Qe3 e5 72. Kg2
Qxg5 73. Qe4+ Qf5 74. Qc6+ Qf6 75. Qe4+ Kg7 76. Qb7+ Qf7 77. Qe4 Qe7 78. Kf3
Qa3+ 79. Kg2 Qb2+ 80. Kh3 Qd4 81. Qb7+ Kf6 82. Qc6+ Kf5 83. Qf3+ Kg5 84. Qf7
Qg4+ 85. Kg2 Qe2+ 86. Kh3 Qg4+ 87. Kg2 Qe4+ 88. Kh2 Qg6 89. Qd5 Qc2+ 90. Kh3
Qf5+ 91. Kg2 Qf6 92. Qe4 Qe6 93. Qe3+ Kg6 94. Qe4+ Kg7 95. Kf3 Qb3+ 96. Kg2
Qb2+ 97. Kf3 Qc3+ 98. Kg2 Qd4 99. Qb7+ Kf6 100. Qc6+ Kf5 101. Qf3+ Kg5 102. Qf7
1/2-1/2

[Event "XXVII MFSz Memorial Jozefa Kochana - Ope"]
[Site "Koszalin"]
[Date "2016.??.??"]
[Round "1.4"]
[White "Simantsev, Mikhail"]
[Black "Heinsohn, Michael"]
[Result "1-0"]
[WhiteElo "2460"]
[BlackElo "2007"]
[PlyCount "85"]
[EventDate "2016.??.??"]

1. d4 Nf6 2. c4 g6 3. f3 e5 4. dxe5 Nh5 5. Nh3 Qh4+ 6. g3 Bb4+ 7. Bd2 Qxc4 8.
Nc3 Nc6 9. a3 Ba5 10. b4 Bb6 11. f4 d6 12. e3 Qe6 13. Ng5 Qe7 14. Nd5 Qd8 15.
Bc4 Nxe5 16. Nxb6 axb6 17. Bc3 O-O 18. Bxe5 dxe5 19. Qxd8 Rxd8 20. Nxf7 b5 21.
Ba2 Rf8 22. Nxe5+ Kg7 23. Bb3 Nf6 24. Ke2 Ne4 25. Rhc1 c6 26. Bc2 Nd6 27. e4
Be6 28. Ke3 Rfd8 29. Rd1 Kf6 30. h4 h6 31. Rh1 Rh8 32. Kd4 Ra6 33. g4 Rd8 34.
Kc3 Rda8 35. Kb2 Rd8 36. Raf1 Bc4 37. Rfg1 Raa8 38. g5+ hxg5 39. hxg5+ Kg7 40.
f5 gxf5 41. exf5 Bd5 42. f6+ Kg8 43. Rh7 1-0

[Event "XXVII MFSz Memorial Jozefa Kochana - Ope"]
[Site "Koszalin"]
[Date "2016.??.??"]
[Round "1.5"]
[White "Januszkiewicz, Wojciech"]
[Black "Plichta, Kamil"]
[Result "0-1"]
[WhiteElo "1995"]
[BlackElo "2347"]
[PlyCount "66"]
[EventDate "2016.??.??"]

1. e4 Nf6 2. Nc3 e5 3. Nf3 Nc6 4. Bb5 Bb4 5. O-O O-O 6. d3 Bxc3 7. bxc3 d6 8.
h3 Qe7 9. Bxc6 bxc6 10. Re1 c5 11. c4 Ne8 12. Bg5 f6 13. Bh4 Qf7 14. Rb1 Bd7
15. Nd2 f5 16. exf5 Qxf5 17. Ne4 h6 18. Qd2 g5 19. Bg3 Ng7 20. c3 Ne6 21. f3
Bc6 22. Bf2 Nf4 23. Be3 h5 24. Bxf4 exf4 25. d4 g4 26. d5 Be8 27. hxg4 hxg4 28.
fxg4 Qxg4 29. Nf2 Qg7 30. Re4 Bg6 31. Rbe1 Bxe4 32. Rxe4 Rae8 33. Qd3 Qg3 0-1

[Event "XXVII MFSz Memorial Jozefa Kochana - Ope"]
[Site "Koszalin"]
[Date "2016.??.??"]
[Round "1.6"]
[White "Ustianovich, Nazar"]
[Black "Lopuszanski, Kamil"]
[Result "1-0"]
[WhiteElo "2308"]
[BlackElo "1991"]
[PlyCount "93"]
[EventDate "2016.??.??"]

1. d4 Nf6 2. Nf3 g6 3. c4 Bg7 4. g3 d5 5. cxd5 Nxd5 6. Bg2 O-O 7. O-O c5 8.
dxc5 Na6 9. c6 bxc6 10. Nbd2 Qc7 11. Nc4 Rd8 12. Bd2 e5 13. Qc2 Rb8 14. Ba5 Nb6
15. Rac1 Be6 16. Ncd2 Rbc8 17. Ng5 Bf5 18. e4 Bd7 19. Qb3 Rf8 20. Rfd1 Bh6 21.
Ngf3 Be6 22. Qa3 Nb8 23. b3 f6 24. Bb4 Rfe8 25. Bf1 Bg4 26. Be2 Rcd8 27. Rc2 f5
28. Re1 f4 29. Nc4 fxg3 30. fxg3 Nxc4 31. Bxc4+ Kh8 32. Ba5 Qd7 33. Bxd8 Qxd8
34. Rf2 Rf8 35. Kg2 Qf6 36. b4 Nd7 37. Ref1 Nb6 38. Nxe5 Qxe5 39. Rxf8+ Bxf8
40. Rxf8+ Kg7 41. Qxa7+ Kh6 42. Qxb6 Qxe4+ 43. Kg1 Qxc4 44. Qe3+ Kg7 45. Rf4
Qd5 46. Qd4+ Qxd4+ 47. Rxd4 1-0

[Event "XXVII MFSz Memorial Jozefa Kochana - Ope"]
[Site "Koszalin"]
[Date "2016.??.??"]
[Round "1.7"]
[White "Mike, Patryk"]
[Black "Swicarz, Maciej"]
[Result "0-1"]
[WhiteElo "1877"]
[BlackElo "2238"]
[PlyCount "40"]
[EventDate "2016.??.??"]

1. e4 c6 2. d4 d5 3. e5 Bf5 4. Nd2 e6 5. Nb3 Nd7 6. Nf3 f6 7. Bf4 g5 8. Bg3 Bg7
9. exf6 Bxf6 10. Qd2 h5 11. h4 g4 12. Ne5 Nxe5 13. dxe5 Bg7 14. Bd3 Nh6 15. Nd4
Qe7 16. Qg5 Bxd3 17. Nxe6 Qxe6 18. Qxg7 Rh7 19. Qg5 Bxc2 20. Qxh5+ Nf7 0-1

[Event "XXVII MFSz Memorial Jozefa Kochana - Ope"]
[Site "Koszalin"]
[Date "2016.??.??"]
[Round "1.8"]
[White "Bugalski, Michal"]
[Black "Lisinski, Henryk"]
[Result "1-0"]
[WhiteElo "2196"]
[BlackElo "1850"]
[PlyCount "48"]
[EventDate "2016.??.??"]

1. e4 c5 2. c3 d5 3. exd5 Qxd5 4. d4 Nf6 5. Nf3 cxd4 6. cxd4 e6 7. Nc3 Bb4 8.
Qa4+ Nc6 9. Bb5 Bxc3+ 10. bxc3 O-O 11. Bxc6 bxc6 12. c4 Qe4+ 13. Be3 c5 14.
dxc5 Ng4 15. Qa3 Nxe3 16. Qxe3 Qxc4 17. Rc1 Qxa2 18. O-O a5 19. Rfd1 Qb2 20.
Ng5 Ba6 21. Qe4 g6 22. Qh4 h5 23. Ne4 a4 24. Rb1 Qe5 1-0

[Event "XXVII MFSz Memorial Jozefa Kochana - Ope"]
[Site "Koszalin"]
[Date "2016.??.??"]
[Round "1.9"]
[White "Stylinski, Piotr  "]
[Black "Dzhuguryan, Tygran"]
[Result "0-1"]
[WhiteElo "1836"]
[BlackElo "2179"]
[PlyCount "108"]
[EventDate "2016.??.??"]

1. e4 c6 2. Nc3 d5 3. Nf3 Bg4 4. h3 Bh5 5. exd5 cxd5 6. g4 Bg6 7. Bb5+ Nc6 8.
Ne5 Qd6 9. d4 f6 10. Nxg6 hxg6 11. Be3 a6 12. Bd3 Kf7 13. Qd2 e6 14. O-O-O Nb4
15. Rde1 Rc8 16. Kb1 Nxd3 17. Qxd3 Qc6 18. Bd2 Bb4 19. Ne2 Bd6 20. Nf4 Bxf4 21.
Bxf4 g5 22. Bh2 Qc4 23. Re3 Qxd3 24. Rxd3 b5 25. Re1 Ne7 26. a4 bxa4 27. Ree3
Rc4 28. Bd6 Nc6 29. c3 Rd8 30. Bc7 Rd7 31. Bg3 Na5 32. Ka2 Rc6 33. Re1 Nc4 34.
f4 Rb7 35. Re2 Rcb6 36. fxg5 Rxb2+ 37. Rxb2 Rxb2+ 38. Ka1 fxg5 39. Rf3+ Ke7 40.
Rf2 Rxf2 41. Bxf2 Kf6 42. h4 gxh4 43. Bxh4+ Kg6 44. Ka2 Ne3 45. Ka3 Nxg4 46.
Kxa4 Ne3 47. Ka5 Kf5 48. Kxa6 g5 49. Be1 g4 50. Kb5 Kf4 51. Kc5 g3 52. Kd6 g2
53. Bf2 Nd1 54. Bg1 Kf5 0-1

[Event "XXVII MFSz Memorial Jozefa Kochana - Ope"]
[Site "Koszalin"]
[Date "2016.??.??"]
[Round "1.10"]
[White "Mielczarski, Miroslaw"]
[Black "Przerwa, Waldemar"]
[Result "1-0"]
[WhiteElo "2157"]
[BlackElo "1799"]
[PlyCount "91"]
[EventDate "2016.??.??"]

1. d4 Nf6 2. c4 e6 3. Nf3 b6 4. g3 Bb7 5. Bg2 Be7 6. O-O O-O 7. Nc3 d5 8. Ne5
Nbd7 9. Bf4 a6 10. Rc1 Rc8 11. cxd5 exd5 12. Bh3 Ra8 13. Qb3 Nb8 14. Rfd1 h6
15. Na4 Bd6 16. Nd3 Qe7 17. Bxd6 Qxd6 18. Qb4 Qd8 19. Ne5 a5 20. Qc3 Ne8 21. e3
Qd6 22. b3 f5 23. Bf1 Ba6 24. Bg2 Bb7 25. Nb2 Ra7 26. Nbd3 g5 27. Rd2 Rf6 28.
Rdc2 Ba8 29. b4 axb4 30. Nxb4 Kg7 31. Qb3 Ra5 32. Nec6 Nxc6 33. Nxc6 Bxc6 34.
Rxc6 Qd8 35. Rxf6 Nxf6 36. Qc2 Ra7 37. Qxf5 Rxa2 38. Qe5 Ra7 39. Bh3 Rb7 40.
Rc6 b5 41. Bf5 b4 42. Bb1 b3 43. Qf5 Rb6 44. Qg6+ Kf8 45. Qxh6+ Ke7 46. Qg7+
1-0

[Event "XXVII MFSz Memorial Jozefa Kochana - Ope"]
[Site "Koszalin"]
[Date "2016.??.??"]
[Round "2.1"]
[White "Cyborowski, Lukasz"]
[Black "Bugalski, Michal"]
[Result "1-0"]
[WhiteElo "2526"]
[BlackElo "2196"]
[PlyCount "101"]
[EventDate "2016.??.??"]

1. c4 Nf6 2. Nc3 Nc6 3. Nf3 e5 4. e3 Bb4 5. Qc2 O-O 6. Nd5 Re8 7. Qf5 d6 8.
Nxf6+ Qxf6 9. Qxf6 gxf6 10. a3 Bc5 11. b4 Bb6 12. Bb2 a5 13. b5 Nd8 14. O-O-O
c6 15. bxc6 Nxc6 16. d4 Bf5 17. Nh4 Bg6 18. Nxg6 hxg6 19. dxe5 dxe5 20. Rd5 Bc7
21. Be2 Kg7 22. Rd7 Re7 23. Rxe7 Nxe7 24. Bf3 Nc6 25. Rd1 Kf8 26. Rd5 f5 27. h4
e4 28. Be2 Rd8 29. Rb5 b6 30. c5 Na7 31. Rb3 Rc8 32. cxb6 Bxb6+ 33. Kd2 Bc5 34.
Rb7 Nc6 35. Bb5 Nd8 36. Rd7 Ne6 37. g3 Be7 38. a4 Bb4+ 39. Kd1 Be7 40. Ra7 Bb4
41. Bf6 Kg8 42. Bd7 Rc7 43. Ra8+ Nf8 44. Bb5 Rb7 45. Rc8 Rb6 46. Bd4 Rd6 47.
Kc2 Rd5 48. Kb3 Rd6 49. Kc4 Ba3 50. Bc3 Rd1 51. Bxa5 1-0

[Event "XXVII MFSz Memorial Jozefa Kochana - Ope"]
[Site "Koszalin"]
[Date "2016.??.??"]
[Round "2.2"]
[White "Swicarz, Maciej"]
[Black "Simantsev, Mikhail"]
[Result "0-1"]
[WhiteElo "2238"]
[BlackElo "2460"]
[PlyCount "82"]
[EventDate "2016.??.??"]

1. e4 c5 2. Nf3 e6 3. c4 Nc6 4. Nc3 Nd4 5. Bd3 Ne7 6. O-O Nec6 7. Ne1 g6 8. b3
Bg7 9. Bb2 O-O 10. g3 b6 11. Be2 Bb7 12. f4 d5 13. d3 dxe4 14. dxe4 Nxe2+ 15.
Qxe2 Nd4 16. Qd2 Qd7 17. Rd1 Rad8 18. h4 a6 19. Kh2 Qc7 20. Qe3 Rd7 21. Rd2
Rfd8 22. Rdf2 b5 23. e5 Qc6 24. Kh3 h5 25. Ba1 Bf8 26. Rg1 Nf5 27. Qf3 Rd2 28.
cxb5 Qxf3 29. Rxf3 axb5 30. Nxb5 Bxf3 31. Nxf3 Re2 32. Nc3 Rf2 33. Ng5 Rdd2 34.
Rh1 Rd8 35. Rc1 Ne3 36. Nce4 Rxa2 37. Bc3 Be7 38. b4 Ng4 39. Nf3 Rd3 40. Nfd2
cxb4 41. Ba1 Rdxd2 0-1

[Event "XXVII MFSz Memorial Jozefa Kochana - Ope"]
[Site "Koszalin"]
[Date "2016.??.??"]
[Round "2.3"]
[White "Plichta, Kamil"]
[Black "Mielczarski, Miroslaw"]
[Result "1-0"]
[WhiteElo "2347"]
[BlackElo "2157"]
[PlyCount "87"]
[EventDate "2016.??.??"]

1. g3 d5 2. Bg2 c6 3. d3 Nf6 4. Nd2 e5 5. Ngf3 Bd6 6. O-O O-O 7. e4 Bg4 8. b3
Nbd7 9. Bb2 Re8 10. Re1 Qc7 11. h3 Bh5 12. g4 Bg6 13. Nh4 dxe4 14. Nxg6 hxg6
15. Nxe4 Nxe4 16. Bxe4 Nf6 17. Qf3 Rad8 18. Re2 Bb4 19. Qg3 Rd7 20. Kh1 Rde7
21. Rf1 Nd5 22. Bxd5 cxd5 23. c4 Qd6 24. Kg1 dxc4 25. dxc4 f6 26. Qe3 Rd8 27.
Qxa7 Bc5 28. Qa5 b6 29. Qc3 Red7 30. Qc2 Kf7 31. Qe4 Qe6 32. Kg2 Bd4 33. Rd1 f5
34. Qf3 Bxb2 35. Rxd7+ Rxd7 36. Rxb2 Qd6 37. gxf5 Kg8 38. fxg6 Qxg6+ 39. Qg4
Qxg4+ 40. hxg4 Kf7 41. Kf3 Kf6 42. Ke3 Ke6 43. Rd2 Ra7 44. a4 1-0

[Event "XXVII MFSz Memorial Jozefa Kochana - Ope"]
[Site "Koszalin"]
[Date "2016.??.??"]
[Round "2.4"]
[White "Dzhuguryan, Tygran"]
[Black "Ustianovich, Nazar"]
[Result "1/2-1/2"]
[WhiteElo "2179"]
[BlackElo "2308"]
[Annotator "Doe,John"]
[PlyCount "68"]
[EventDate "2016.??.??"]

1. d4 d5 2. c4 c6 3. Nc3 Nf6 4. e3 e6 5. Nf3 Nbd7 6. a3 Bd6 7. Be2 O-O 8. O-O
Qe7 9. Qc2 dxc4 10. Bxc4 e5 11. Ng5 Nb6 12. Ba2 h6 13. dxe5 Qxe5 14. f4 Qf5 15.
Qxf5 Bxf5 16. e4 hxg5 17. fxg5 Bxe4 18. gxf6 Bg6 19. Bg5 Bc5+ 20. Kh1 Bd4 21.
Rad1 Bxf6 22. Bxf6 gxf6 23. Rxf6 Kg7 24. Rfd6 Rfe8 25. Kg1 Re5 26. h3 Rae8 27.
R6d2 R8e7 28. g4 Re8 29. Kf2 Rh8 30. Rh1 f5 31. g5 f4 32. Rd4 Rh4 33. Ne2 c5
34. Rd6 Rxg5 {zapis nieczytelny} 1/2-1/2

[Event "XXVII MFSz Memorial Jozefa Kochana - Ope"]
[Site "Koszalin"]
[Date "2016.??.??"]
[Round "2.5"]
[White "Shishkin, Vadim"]
[Black "Malaniuk, Vladimir P"]
[Result "1/2-1/2"]
[WhiteElo "2469"]
[BlackElo "2471"]
[PlyCount "23"]
[EventDate "2016.??.??"]

1. d4 d5 2. c4 Bf5 3. Nc3 e6 4. Nf3 c6 5. Bf4 Nd7 6. e3 Ngf6 7. h3 Be7 8. Be2
Ne4 9. O-O O-O 10. Bh2 Re8 11. Qb3 Qb6 12. Nxe4 1/2-1/2

[Event "XXVII MFSz Memorial Jozefa Kochana - Ope"]
[Site "Koszalin"]
[Date "2016.??.??"]
[Round "2.6"]
[White "Bilczewski, Kacper"]
[Black "Cagara, Paulina"]
[Result "1/2-1/2"]
[WhiteElo "2080"]
[BlackElo "2052"]
[PlyCount "53"]
[EventDate "2016.??.??"]

1. e4 e5 2. Nf3 Nc6 3. d3 Nf6 4. Nbd2 d5 5. Be2 Bc5 6. O-O O-O 7. c3 a5 8. a4
Bb6 9. exd5 Nxd5 10. Nc4 Re8 11. Nxb6 Nxb6 12. Nd2 f5 13. Nb3 Nd5 14. Bf3 Qd6
15. Nd2 Nb6 16. Nc4 Nxc4 17. dxc4 Qxd1 18. Rxd1 Be6 19. Bd5 Rad8 20. Be3 Bxd5
21. cxd5 Ne7 22. c4 b6 23. g3 h6 24. Bd2 Nc8 25. b4 axb4 26. Bxb4 Nd6 27. Bxd6
1/2-1/2

[Event "XXVII MFSz Memorial Jozefa Kochana - Ope"]
[Site "Koszalin"]
[Date "2016.??.??"]
[Round "2.7"]
[White "Lisinski, Henryk"]
[Black "Hilarecki, Grzegorz"]
[Result "0-1"]
[WhiteElo "1850"]
[BlackElo "2110"]
[PlyCount "78"]
[EventDate "2016.??.??"]

1. d4 Nf6 2. Nf3 c5 3. e3 g6 4. c4 Bg7 5. Nc3 O-O 6. d5 d6 7. Be2 Na6 8. O-O
Nc7 9. h3 a6 10. a4 b6 11. e4 Rb8 12. Qc2 Bd7 13. Rb1 b5 14. b4 cxb4 15. Rxb4
a5 16. Rb1 b4 17. Nb5 Nxe4 18. Be3 Nc3 19. Nxc3 Bxc3 20. Bd4 Bxd4 21. Nxd4 Na6
22. Bg4 Be8 23. Rfe1 Nc5 24. Nb5 Bxb5 25. cxb5 Rb7 26. Re3 Rc7 27. Qd1 Nd7 28.
h4 Ne5 29. Be2 Qd7 30. h5 Qf5 31. Rc1 Rxc1 32. Qxc1 Rc8 33. Qd2 Qb1+ 34. Kh2 b3
35. Qxa5 b2 36. Rb3 Qc2 37. Qb4 Qxe2 38. Rxb2 Qxh5+ 39. Kg3 Rc4 0-1

[Event "XXVII MFSz Memorial Jozefa Kochana - Ope"]
[Site "Koszalin"]
[Date "2016.??.??"]
[Round "2.8"]
[White "Heinsohn, Michael"]
[Black "Mike, Patryk"]
[Result "1/2-1/2"]
[WhiteElo "2007"]
[BlackElo "1877"]
[PlyCount "59"]
[EventDate "2016.??.??"]

1. d4 d5 2. c4 c6 3. cxd5 cxd5 4. Nc3 Nc6 5. Bf4 a6 6. e3 Nf6 7. Bd3 e6 8. Rc1
Bd6 9. Bxd6 Qxd6 10. f4 Qb4 11. Qe2 Ne4 12. Nf3 f5 13. O-O O-O 14. Ne5 Nxe5 15.
fxe5 Bd7 16. g4 g6 17. gxf5 gxf5 18. Rc2 Kh8 19. Kh1 Qe7 20. Qh5 Rac8 21. Bxe4
fxe4 22. Rcf2 Rxf2 23. Rxf2 Be8 24. Qh6 Bg6 25. Rf6 Rg8 26. Ne2 Qb4 27. Rxe6
Bh5 28. Qf6+ Rg7 29. Qd8+ Rg8 30. Qf6+ 1/2-1/2

[Event "XXVII MFSz Memorial Jozefa Kochana - Ope"]
[Site "Koszalin"]
[Date "2016.??.??"]
[Round "2.9"]
[White "Przerwa, Waldemar"]
[Black "Januszkiewicz, Wojciech"]
[Result "0-1"]
[WhiteElo "1799"]
[BlackElo "1995"]
[PlyCount "114"]
[EventDate "2016.??.??"]

1. e4 c5 2. Nf3 d6 3. c3 Nf6 4. Bd3 Nc6 5. Bc2 Bg4 6. h3 Bxf3 7. Qxf3 g6 8. O-O
Bg7 9. d3 O-O 10. Nd2 b5 11. Rd1 Nd7 12. Nf1 b4 13. Bd2 Qa5 14. d4 cxd4 15.
cxb4 Qb6 16. Ba4 Nde5 17. Qb3 Rab8 18. f4 Nd7 19. Qd5 Rfc8 20. e5 Qa6 21. Bxc6
Qxc6 22. Qxc6 Rxc6 23. exd6 Rxd6 24. a3 Nb6 25. Be1 f6 26. Rac1 e5 27. fxe5
fxe5 28. Ng3 Nd5 29. Ne4 Rd7 30. Bg3 h6 31. Rxd4 exd4 32. Bxb8 d3 33. Rb1 Re7
34. Nd2 Re2 35. Nc4 Bd4+ 36. Kh2 Rc2 37. Rd1 Rxc4 38. Rxd3 Nf6 39. b3 Rc8 40.
Rxd4 Rxb8 41. Rc4 Rb7 42. Kg3 Rd7 43. Rc8+ Kf7 44. Ra8 Ne4+ 45. Kf4 Nd2 46. Ke5
Nxb3 47. a4 Nd4 48. b5 Ne6 49. Rb8 Nd8 50. a5 Ke7 51. a6 Nf7+ 52. Kf4 Nd6 53.
b6 axb6 54. Rxb6 Ra7 55. h4 Kd7 56. Rb8 Rxa6 57. Rh8 Ra4+ 0-1

[Event "XXVII MFSz Memorial Jozefa Kochana - Ope"]
[Site "Koszalin"]
[Date "2016.??.??"]
[Round "2.10"]
[White "Lopuszanski, Kamil"]
[Black "Stylinski, Piotr  "]
[Result "1-0"]
[WhiteElo "1991"]
[BlackElo "1836"]
[PlyCount "91"]
[EventDate "2016.??.??"]

1. d4 d5 2. Nf3 Nf6 3. c4 c6 4. Nc3 e6 5. Bg5 Nbd7 6. e3 Be7 7. Bd3 O-O 8. O-O
dxc4 9. Bxc4 Nd5 10. Bxe7 Qxe7 11. Ne4 N5f6 12. Ned2 e5 13. Rc1 e4 14. Ne1 Re8
15. Nc2 Nf8 16. f4 exf3 17. Qxf3 Be6 18. Bd3 Bg4 19. Qf2 Bh5 20. e4 Rad8 21. h3
Bg6 22. Rce1 Qc7 23. Qf3 Ne6 24. e5 Nd5 25. Bxg6 hxg6 26. Ne4 Re7 27. Qb3 Qb6
28. Qc4 Rdd7 29. b4 Nec7 30. Nc5 Rd8 31. a4 a6 32. a5 Qa7 33. Kh1 Nb5 34. e6 f6
35. Qd3 g5 36. Re4 f5 37. Rxf5 Nd6 38. Rxd5 cxd5 39. Re5 Ne8 40. Ne3 Nf6 41.
Qg6 Ne4 42. Nf5 Rde8 43. Nh6+ Kh8 44. Nf7+ Kg8 45. Nxg5 Kh8 46. Qh7# 1-0

[Event "XXVII MFSz Memorial Jozefa Kochana - Ope"]
[Site "Koszalin"]
[Date "2016.??.??"]
[Round "3.2"]
[White "Ustianovich, Nazar"]
[Black "Plichta, Kamil"]
[Result "0-1"]
[WhiteElo "2308"]
[BlackElo "2347"]
[PlyCount "60"]
[EventDate "2016.??.??"]

1. Nf3 Nf6 2. c4 g6 3. d4 Bg7 4. Nc3 O-O 5. e4 d6 6. Be2 e5 7. O-O exd4 8. Nxd4
Re8 9. f3 c6 10. Bg5 Qb6 11. Na4 Qa5 12. Bh4 Nh5 13. Be1 Bxd4+ 14. Qxd4 Qxa4
15. Bc3 f6 16. g4 c5 17. Qxd6 Ng7 18. Qxf6 Qd7 19. Rfd1 Qf7 20. Qd6 Ne6 21. f4
Nc6 22. f5 Ned4 23. Bd3 b6 24. e5 gxf5 25. gxf5 Nxe5 26. Be4 Bb7 27. Bxb7 Qxb7
28. Rd2 Nef3+ 29. Kf2 Nxd2 30. Rg1+ Kf7 0-1

[Event "XXVII MFSz Memorial Jozefa Kochana - Ope"]
[Site "Koszalin"]
[Date "2016.??.??"]
[Round "3.3"]
[White "Malaniuk, Vladimir P"]
[Black "Dzhuguryan, Tygran"]
[Result "1-0"]
[WhiteElo "2471"]
[BlackElo "2179"]
[PlyCount "73"]
[EventDate "2016.??.??"]

1. d4 Nf6 2. Nf3 d5 3. c4 c6 4. Nc3 dxc4 5. a4 Bf5 6. Ne5 Nbd7 7. Nxc4 Qc7 8.
g3 e5 9. dxe5 Nxe5 10. Bf4 Nfd7 11. Bg2 g5 12. Ne3 gxf4 13. Nxf5 fxg3 14. hxg3
O-O-O 15. O-O Nc5 16. Qc2 a5 17. Rfd1 Rxd1+ 18. Rxd1 Kb8 19. e3 h5 20. Ne4 Nxe4
21. Qxe4 Bc5 22. Re1 Bb4 23. Nd4 Rd8 24. Qf5 Ka8 25. Qxh5 Qe7 26. Qe2 Bc5 27.
Nf5 Qf8 28. Rd1 Bb6 29. Rxd8+ Qxd8 30. Be4 Qh8 31. Kg2 Nd7 32. Qc2 Qe5 33. Bxc6
Nc5 34. Bf3 Kb8 35. Nd4 Ne6 36. Nc6+ bxc6 37. Qxc6 1-0

[Event "XXVII MFSz Memorial Jozefa Kochana - Ope"]
[Site "Koszalin"]
[Date "2016.??.??"]
[Round "3.4"]
[White "Hilarecki, Grzegorz"]
[Black "Shishkin, Vadim"]
[Result "0-1"]
[WhiteElo "2110"]
[BlackElo "2469"]
[PlyCount "82"]
[EventDate "2016.??.??"]

1. d4 Nf6 2. c4 g6 3. Nc3 d5 4. Nf3 Bg7 5. Bg5 Ne4 6. cxd5 Nxg5 7. Nxg5 e6 8.
Qd2 exd5 9. Qe3+ Kf8 10. Qf4 Bf6 11. h4 h6 12. Nf3 Be6 13. e3 c6 14. Be2 Nd7
15. h5 g5 16. Qg3 Qb8 17. Qxb8+ Rxb8 18. b4 Be7 19. Rb1 b5 20. O-O g4 21. Nd2
Rg8 22. e4 Nf6 23. f4 dxe4 24. Ncxe4 Nxe4 25. Nxe4 Bf5 26. Ng3 Bxb1 27. Rxb1
Rd8 28. Nf5 Rd5 29. Nxh6 Rh8 30. Nxg4 Rxd4 31. Ne5 Rh6 32. Bf3 Rxb4 33. Rxb4
Bxb4 34. Nxc6 Bd2 35. Kf2 a5 36. Ke2 Rd6 37. g3 Bc3 38. Ke3 a4 39. Ne5 b4 40.
g4 b3 41. axb3 a3 0-1

[Event "XXVII MFSz Memorial Jozefa Kochana - Ope"]
[Site "Koszalin"]
[Date "2016.??.??"]
[Round "3.5"]
[White "Cagara, Paulina"]
[Black "Swicarz, Maciej"]
[Result "0-1"]
[WhiteElo "2052"]
[BlackElo "2238"]
[PlyCount "116"]
[EventDate "2016.??.??"]

1. c4 Nf6 2. Nc3 g6 3. d4 d5 4. Nf3 Bg7 5. e3 O-O 6. Be2 dxc4 7. Bxc4 c5 8. O-O
Nbd7 9. a4 cxd4 10. Nxd4 Nc5 11. b4 Nce4 12. Nxe4 Nxe4 13. Bb2 Qb6 14. b5 e5
15. Nf3 Bg4 16. Be2 Rfd8 17. Qc2 Bxf3 18. gxf3 Nd2 19. Rfc1 Qf6 20. f4 Qe6 21.
Qc7 Nb3 22. Rd1 Rdc8 23. Qxb7 Nxa1 24. Bxa1 exf4 25. Bxg7 Kxg7 26. e4 Re8 27.
Bf3 Qh3 28. Bg2 Qg4 29. Rd7 Rf8 30. h3 Qe2 31. e5 Qe1+ 32. Kh2 Qxe5 33. Re7 Qf6
34. Rc7 h5 35. Rc6 Qe5 36. Bf3 Rab8 37. Qd7 Rbd8 38. Qc7 Qd4 39. Kg2 Rd7 40.
Rc4 Rxc7 41. Rxd4 Rfc8 42. Bc6 g5 43. Rd6 Rh8 44. h4 gxh4 45. Rd4 Rh6 46. Rxf4
Rg6+ 47. Kh3 Rf6 48. Rxh4 Rxf2 49. Rxh5 Re7 50. Kg3 Ra2 51. Rh4 Re3+ 52. Bf3
Rea3 53. Rd4 Rxa4 54. Rd7 R2a3 55. Kg2 Rb3 56. Rxf7+ Kxf7 57. Bd5+ Ke7 58. Bxb3
Rb4 0-1

[Event "XXVII MFSz Memorial Jozefa Kochana - Ope"]
[Site "Koszalin"]
[Date "2016.??.??"]
[Round "3.6"]
[White "Bugalski, Michal"]
[Black "Bilczewski, Kacper"]
[Result "1/2-1/2"]
[WhiteElo "2196"]
[BlackElo "2080"]
[PlyCount "73"]
[EventDate "2016.??.??"]

1. e4 d6 2. d4 Nf6 3. Nc3 e5 4. dxe5 dxe5 5. Qxd8+ Kxd8 6. Bc4 Be6 7. Bxe6 fxe6
8. Be3 Bd6 9. f3 Ke7 10. Nh3 a6 11. Nf2 Nc6 12. O-O-O h6 13. Nd3 b5 14. Kb1
Rhb8 15. Rhe1 Nd7 16. f4 exf4 17. Nxf4 Nde5 18. Nce2 g5 19. Nd3 Ng4 20. Bc1
Bxh2 21. g3 Rf8 22. b3 b4 23. a3 a5 24. axb4 axb4 25. Bd2 Rab8 26. Rf1 Rxf1 27.
Rxf1 Rf8 28. Rxf8 Kxf8 29. Nxb4 Nxb4 30. Bxb4+ Kf7 31. Ba5 c6 32. c4 h5 33. Be1
Kf6 34. Kc2 Ne5 35. Bf2 Ng4 36. Be1 Ne5 37. Bf2 1/2-1/2

[Event "XXVII MFSz Memorial Jozefa Kochana - Ope"]
[Site "Koszalin"]
[Date "2016.??.??"]
[Round "3.7"]
[White "Mielczarski, Miroslaw"]
[Black "Lopuszanski, Kamil"]
[Result "1/2-1/2"]
[WhiteElo "2157"]
[BlackElo "1991"]
[PlyCount "71"]
[EventDate "2016.??.??"]

1. d4 Nf6 2. c4 g6 3. Nc3 Bg7 4. Nf3 d6 5. e3 O-O 6. Be2 Nbd7 7. O-O e5 8. Qc2
Re8 9. b4 a5 10. bxa5 Rxa5 11. Bb2 h5 12. Rfd1 e4 13. Nd2 Qe7 14. Nb5 Nf8 15.
Nb3 Ra6 16. d5 b6 17. h3 Bb7 18. Bd4 Rd8 19. a4 Rda8 20. Qc3 c5 21. dxc6 Bxc6
22. a5 bxa5 23. Nxa5 Be8 24. Nb3 d5 25. c5 Ne6 26. Be5 Bxb5 27. Bxb5 Rxa1 28.
Rxa1 Rxa1+ 29. Qxa1 Nxc5 30. Bxf6 Bxf6 31. Qa8+ Kg7 32. Qxd5 Nxb3 33. Qxb3 Qc5
34. Be8 Qc1+ 35. Kh2 Qc7+ 36. Kg1 1/2-1/2